<?xml version="1.0" encoding="UTF-8"?>
<record
    xmlns:xsi="http://www.w3.org/2001/XMLSchema-instance"
    xsi:schemaLocation="http://www.loc.gov/MARC21/slim http://www.loc.gov/standards/marcxml/schema/MARC21slim.xsd"
    xmlns="http://www.loc.gov/MARC21/slim">

  <leader>00809nam a22002297a 4500</leader>
  <controlfield tag="005">20130719111918.0</controlfield>
  <datafield tag="010" ind1=" " ind2=" ">
    <subfield code="a">ENG-104490</subfield>
  </datafield>
  <datafield tag="020" ind1=" " ind2=" ">
    <subfield code="a">9788178358147</subfield>
    <subfield code="c">750.00</subfield>
  </datafield>
  <datafield tag="035" ind1=" " ind2=" ">
    <subfield code="a">EN-88023</subfield>
  </datafield>
  <datafield tag="035" ind1=" " ind2=" ">
    <subfield code="a">B-491420</subfield>
  </datafield>
  <datafield tag="037" ind1=" " ind2=" ">
    <subfield code="b">DBAD/PUB</subfield>
  </datafield>
  <datafield tag="037" ind1=" " ind2=" ">
    <subfield code="b">Literacy House/Ven</subfield>
  </datafield>
  <datafield tag="082" ind1=" " ind2=" ">
    <subfield code="a">304.20954</subfield>
  </datafield>
  <datafield tag="245" ind1="0" ind2="0">
    <subfield code="a">Human freedom and environment :</subfield>
    <subfield code="c">edited by Indoo Pandey Khanduri</subfield>
    <subfield code="b">contemporary paradigms and moral strategies /</subfield>
  </datafield>
  <datafield tag="260" ind1=" " ind2=" ">
    <subfield code="a">Delhi</subfield>
    <subfield code="b">Kalpaz Publications</subfield>
    <subfield code="c">2010</subfield>
  </datafield>
  <datafield tag="270" ind1=" " ind2=" ">
    <subfield code="a">C-30, Satyawati Nagar,</subfield>
    <subfield code="b"> Delhi</subfield>
    <subfield code="e">110052</subfield>
  </datafield>
  <datafield tag="300" ind1=" " ind2=" ">
    <subfield code="a">327p.</subfield>
    <subfield code="c">22cm (Hb)</subfield>
  </datafield>
  <datafield tag="500" ind1=" " ind2=" ">
    <subfield code="a">Includes index</subfield>
  </datafield>
  <datafield tag="700" ind1=" " ind2=" ">
    <subfield code="a">Khanduri, Indoo Pandey</subfield>
    <subfield code="9">37565</subfield>
  </datafield>
  <datafield tag="942" ind1=" " ind2=" ">
    <subfield code="2">ddc</subfield>
    <subfield code="c">EN</subfield>
    <subfield code="m">HUM</subfield>
    <subfield code="h">304.20954</subfield>
  </datafield>
  <datafield tag="999" ind1=" " ind2=" ">
    <subfield code="c">59958</subfield>
    <subfield code="d">59958</subfield>
  </datafield>
  <datafield tag="952" ind1=" " ind2=" ">
    <subfield code="0">0</subfield>
    <subfield code="1">0</subfield>
    <subfield code="2">ddc</subfield>
    <subfield code="4">0</subfield>
    <subfield code="7">1</subfield>
    <subfield code="8">NFIC</subfield>
    <subfield code="a">DBAD</subfield>
    <subfield code="b">DBAD</subfield>
    <subfield code="d">2011-12-26</subfield>
    <subfield code="e">DBAD / PUB</subfield>
    <subfield code="g">750.00</subfield>
    <subfield code="l">0</subfield>
    <subfield code="o">304.20954 HUM</subfield>
    <subfield code="p">EN-88023</subfield>
    <subfield code="r">2011-12-26 00:00:00</subfield>
    <subfield code="t">1</subfield>
    <subfield code="v">750.00</subfield>
    <subfield code="y">EN</subfield>
  </datafield>
  <datafield tag="952" ind1=" " ind2=" ">
    <subfield code="0">0</subfield>
    <subfield code="1">0</subfield>
    <subfield code="4">0</subfield>
    <subfield code="7">0</subfield>
    <subfield code="8">NFIC</subfield>
    <subfield code="a">BL1</subfield>
    <subfield code="b">BL1</subfield>
    <subfield code="d">2013-07-19</subfield>
    <subfield code="e">Literacy House/414/13/11.01.2013/22/18.12.2012/18.01.2013</subfield>
    <subfield code="g">750.00</subfield>
    <subfield code="l">0</subfield>
    <subfield code="o">304.20954 HUM</subfield>
    <subfield code="p">B-491420</subfield>
    <subfield code="r">2013-07-19 00:00:00</subfield>
    <subfield code="t">1</subfield>
    <subfield code="v">750.00</subfield>
    <subfield code="w">2013-07-19</subfield>
    <subfield code="y">EN</subfield>
  </datafield>
</record>
